000 00271nam a22001217a 4500
008 170615b xxu||||| |||| 00| 0 eng d
041 _aeng
080 _a94
100 _a16
101 _aSHH
245 _aTHE THEORY AND PRACTICE OF COMMUNISM
_cHUNT,C
942 _2udc
_cBK
999 _c17545
_d17545